00553nam a2200193 a 4500001001300000003000900013005001700022008004100039020000900080082001900089100002300108245008000131260004300211300001000254500003500264505001000299650002700309700002300336nice12345678IN_TiNIC20260116012105.0050524s1971 lona grp 000 0 eng  ac1500a297.09561bVRY aVryonis, Speros Jr aDecline of Medieval Hellenism in Asia Minor and the Process of Islamization aLondonbUniversity of Californiac1971 a501p. aincludes index and biblioraphy2 aIndex aIslam-History-Anatolia1 aVryonis, Speros Jr